Catálogo público

Geografía general de México (Record no. 64319)

MARC details
000 -CABECERA
campo de control de longitud fija 01045nam a22003257a 4500
003 - IDENTIFICADOR DEL NÚMERO DE CONTROL
campo de control CHAP
005 - FECHA Y HORA DE LA ÚLTIMA TRANSACCIÓN
campo de control 20220329141213.0
008 - DATOS DE LONGITUD FIJA--INFORMACIÓN GENERAL
campo de control de longitud fija 971010s1949 r 00010 d
010 ## - NÚMERO DE CONTROL DE LA BIBLIOTECA DEL CONGRESO
Número de control de LC 64319
011 ## - ENLACE DEL NUMERO DE CONTROL DE LA BIBLIOTECA DEL CONGRESO [OBSOLETO]
Número de control de LC 65291
035 ## - NÚMERO DE CONTROL DEL SISTEMA
Número de control de sistema 71755
040 ## - FUENTE DE LA CATALOGACIÓN
Centro/agencia transcriptor CHAP
082 04 - NÚMERO DE LA CLASIFICACIÓN DECIMAL DEWEY
Número de clasificación 917.2
Número de documento/Ítem T35
100 00 - ENTRADA PRINCIPAL--NOMBRE DE PERSONA
Nombre de persona Tamayo, Jorge L.
9 (RLIN) 111549
245 1# - MENCIÓN DE TÍTULO
Título Geografía general de México
260 ## - PUBLICACIÓN, DISTRIBUCIÓN, ETC.
Lugar de publicación, distribución, etc. México :
Nombre del editor, distribuidor, etc. Talleres Gráficos de México,
Fecha de publicación, distribución, etc. 1949
300 ## - DESCRIPCIÓN FÍSICA
Extensión 2 v.
Otras características físicas : ilus.
500 ## - NOTA GENERAL
Nota general Atlas geográfico general de México. México, 1949
500 ## - NOTA GENERAL
Nota general La biblioteca tiene : v.2
590 ## - NOTA LOCAL (RLIN)
Nota local BATCH-UPD
Procedencia (VM) [OBSOLETO] 10
Condición del los carretes individuales (VM) [OBSOLETO] 20130110
-- UCH01
-- 1932
590 ## - NOTA LOCAL (RLIN)
Nota local BATCH-UPD
Procedencia (VM) [OBSOLETO] 10
Condición del los carretes individuales (VM) [OBSOLETO] 20130410
-- UCH01
-- 1257
590 ## - NOTA LOCAL (RLIN)
Nota local BATCH-UPD
Procedencia (VM) [OBSOLETO] 10
Condición del los carretes individuales (VM) [OBSOLETO] 20130914
-- UCH01
-- 1827
590 ## - NOTA LOCAL (RLIN)
Nota local CONVERSION
Procedencia (VM) [OBSOLETO] 10
Condición del los carretes individuales (VM) [OBSOLETO] 20130109
-- UCH01
-- 1335
650 14 - PUNTO DE ACCESO ADICIONAL DE MATERIA--TÉRMINO DE MATERIA
Término de materia o nombre geográfico como elemento de entrada México
Subdivisión general Geografía.
9 (RLIN) 76748
650 14 - PUNTO DE ACCESO ADICIONAL DE MATERIA--TÉRMINO DE MATERIA
Término de materia o nombre geográfico como elemento de entrada México
Subdivisión general Mapas.
9 (RLIN) 76780
901 ## - ELEMENTOS DE DATOS A LOCAL LDA (RLIN)
a BK
942 ## - ELEMENTOS DE PUNTO DE ACCESO ADICIONAL (KOHA)
Tipo de ítem Koha Libro
949 ## - PROCESAMIENTO DE INFORMACIÓN LOCAL (OCLC)
a 917.2 T35
b BC
c LIBRO
d 33724000982393
e LIBRO
f v.2 c.9
h 25747
i 71755
s i
949 ## - PROCESAMIENTO DE INFORMACIÓN LOCAL (OCLC)
a 917.2 T35
b BC
c MUT
d 717551
e MUT
f v.1
i 71755
s b
Holdings
Estado de retiro Estado de pérdida Fuente del sistema de clasificación o colocación Estado dañado Restricciones de uso No para préstamo Código de colección Localización permanente Ubicación/localización actual Ubicación en estantería Fecha de adquisición Información codificada de la localización en otra ubicación Total de préstamos Signatura topográfica completa Código de barras Fecha visto por última vez Número de copia Precio válido a partir de Tipo de ítem Koha Nota pública
    Dewey Decimal Classification   Préstamo 15 días   General Biblioteca Central Biblioteca Central Planta principal - Colección General 17/12/2012 LIBRO   917.2 T35 33724000982393 31/12/2019 v.2 c.9 31/12/2019 Libro  
      Material dañado Préstamo interno2 Excluido de préstamo Material mutilado Biblioteca Central Biblioteca Central   31/12/2019 LIBRO   917.2 T35 717551 31/12/2019 v.1 31/12/2019 Libro Recien adquirido